Álbum fotográfico (Record no. 7908)

MARC details
000 -CABECERA
campo de control de longitud fija 00607nam a2200205 a 4500
001 - NÚMERO DE CONTROL
campo de control BRCA_8240
005 - FECHA Y HORA DE LA ÚLTIMA TRANSACCIÓN
campo de control 20190320210205.0
008 - DATOS DE LONGITUD FIJA--INFORMACIÓN GENERAL
campo de control de longitud fija 260514s1910----mx-o###f##---#000-0#----#
041 ## - CÓDIGO DE LENGUA
Código de lengua del texto/banda sonora o título independiente ---
044 ## - CÓDIGO DEL PAÍS DE LA ENTIDAD EDITORA/PRODUCTORA
Código MARC del país mx
050 #4 - SIGNATURA TOPOGRÁFICA DE LA BIBLIOTECA DEL CONGRESO
Número de clasificación TR640
Número de documento/Ítem .A43
-- 1910
245 10 - MENCIÓN DE TÍTULO
Título Álbum fotográfico
Mención de responsabilidad, etc. [1910]
300 ## - DESCRIPCIÓN FÍSICA
Extensión 2 v.
Otras características físicas il., fotos
Dimensiones 25 cm.
500 ## - NOTA GENERAL
Nota general T60
505 0# - NOTA DE CONTENIDO CON FORMATO
Nota de contenido con formato v.1: 46 hojas con dos fotografías cada una.-- v.2: 47 hojas con dos fotografías cada una
650 14 - PUNTO DE ACCESO ADICIONAL DE MATERIA--TÉRMINO DE MATERIA
Término de materia o nombre geográfico como elemento de entrada Álbum fotográfico
Subdivisión de forma Muebles artísticos
9 (RLIN) 20548
650 14 - PUNTO DE ACCESO ADICIONAL DE MATERIA--TÉRMINO DE MATERIA
Término de materia o nombre geográfico como elemento de entrada Álbum fotográfico
Subdivisión de forma Obras de arte
9 (RLIN) 20549
902 ## - CATALOGADOR
Iniciales GFM
942 ## - ELEMENTOS DE PUNTO DE ACCESO ADICIONAL (KOHA)
Fuente del sistema de clasificación o colocación Library of Congress Classification
Tipo de ítem Koha Libros
Holdings
Estado de retiro Estado de pérdida Estado dañado No para préstamo Localización permanente Ubicación/localización actual Fecha de adquisición Número de inventario Total de préstamos Signatura topográfica completa Código de barras Fecha visto por última vez Precio válido a partir de Tipo de ítem Koha
El ejemplar forma parte de la colección y puede ser consultado según las políticas vigentes.       Biblioteca del Museo Franz Mayer (Rogerio Casas-Alatriste) Biblioteca del Museo Franz Mayer (Rogerio Casas-Alatriste) 26/05/2014 T60   TR640 .A43 1910 (T60) 8864 22/03/2019 22/03/2019 Libros